| 000 | 01402nam a2200217Ia 4500 | ||
|---|---|---|---|
| 999 |
_c38181 _d38181 |
||
| 003 | OSt | ||
| 005 | 20210304103717.0 | ||
| 008 | 160316s1998 xxu||||| |||| 00| 0 eng d | ||
| 020 | _a9780060953324 | ||
| 040 | _cn | ||
| 082 |
_a305.420000 _bGOL |
||
| 100 | _aGoldsmith Barbara | ||
| 245 | _aOther powers : The age of suffrage, spiritualism and the scandalous Victoria Woodhull | ||
| 260 |
_aNew York _bAlfred A Knopf _c1998 |
||
| 300 | _a531p | ||
| 365 | _b Gratis | ||
| 505 | _aContents: Born again in the Lamb's blood; A child without a childhood; The spiritual telegraph; My long-accumulating discontent; You ugly creature; True wife; Willfully did kill; God bless this trinity; An accident of fate; Draw its fangs; A dangerous man; Written in fire; To equal account; Consult the spirits; We are ready. We are prepared; Soup for three; A hard place; The evangel ; Your child is not my child; The yawning edge of hell; The Woodhull memorial; Silence, time, and patience; The worst gang; This girl is a tramp; Yes! I am a free lover!; A heavy load; Mrs. Satan; Burst like a bombshell; I can endure no longer; What have we done now; A monstrous conspiracy; Human hyenas; Daniel in the lion's den; A meteor's dash; The last enemy | ||
| 650 | _a1. Feminists - Biography - U S A 2. Women - Suffrage - History3. Suffgragists | ||
| 700 |
_a _a |
||
| 942 |
_2ddc _cBK |
||